Central Library OPAC University of Rajshahi

Soils in our environment / (Record no. 37448)

MARC details
000 -LEADER
fixed length control field 01085nam a2200325 a 4500
001 - CONTROL NUMBER
control field 37448
003 - CONTROL NUMBER IDENTIFIER
rucl marc code BD-RjUL
005 - DATE AND TIME OF LATEST TRANSACTION
control field 20211209052618.0
008 - FIXED-LENGTH DATA ELEMENTS--GENERAL INFORMATION
fixed length control field 150119t19971995njuab b 001 0 eng
020 ## - INTERNATIONAL STANDARD BOOK NUMBER
International Standard Book Number 0130958034
035 ## - SYSTEM CONTROL NUMBER
System control number (BD-RjUL)
040 ## - CATALOGING SOURCE
Original cataloging agency DLC
Transcribing agency DLC
Modifying agency DLC
Language of cataloging eng
041 ## - LANGUAGE CODE
Language code of text/sound track or separate title eng
082 00 - DEWEY DECIMAL CLASSIFICATION NUMBER
Classification number 631.4
Edition number 20
Author mark and year MIS 1997
100 1# - MAIN ENTRY--PERSONAL NAME
Personal name Miller, Raymond W.,
Dates associated with a name 1928-
9 (RLIN) 114986
245 10 - TITLE STATEMENT
Title Soils in our environment /
Statement of responsibility, etc. Raymond W. Miller, Roy L. Donahue ; Joyce U. Miller, editorial assistant.
250 ## - EDITION STATEMENT
Edition statement 7th ed.
260 ## - PUBLICATION, DISTRIBUTION, ETC. (IMPRINT)
Place of publication, distribution, etc. Englewood Cliffs, NJ ;
-- New Delhi :
Name of publisher, distributor, etc. Prentice Hall,
Date of publication, distribution, etc. c1995 [Reprinted 1997].
300 ## - PHYSICAL DESCRIPTION
Pagination xvii, 649 p. :
Illustrations ill., maps ;
Size 26 cm.
500 ## - GENERAL NOTE
General note Rev. ed. of: Soils. 6th. 1990.
504 ## - BIBLIOGRAPHY, ETC. NOTE
Bibliography, etc Includes bibliographical references and index.
650 #0 - SUBJECT ADDED ENTRY--TOPICAL TERM
Topical term or geographic name as entry element Soil science.
9 (RLIN) 114987
Topical term or geographic name as entry element Crops and soils.
9 (RLIN) 114988
Topical term or geographic name as entry element Soil management.
9 (RLIN) 114989
700 1# - ADDED ENTRY--PERSONAL NAME
Personal name Donahue, Roy Luther,
Dates associated with a name 1908-
Personal name Miller, Raymond W.,
Dates associated with a name 1928-
942 ## - ADDED ENTRY ELEMENTS (KOHA)
Source of classification or shelving scheme Dewey Decimal Classification
Koha item type Books
Holdings
Lost status Source of classification or shelving scheme Damaged status Not for loan Permanent Location Current Location Shelving location Date acquired Total Checkouts Full call number Date last seen Copy number Koha item type
  Dewey Decimal Classification   Not For Loan Institute of Biological Sciences (IBSc) Library Institute of Biological Sciences (IBSc) Library   19/01/2015   631.4 MIS 1997 19/01/2015 C-1 Books